| 000 | 006830000a22002170004500 | ||
|---|---|---|---|
| 003 | LK-CoMWRAF | ||
| 005 | 20231030104454.0 | ||
| 008 | 230817t1999 ||||| |||| 00| 0 eng d | ||
| 020 | _a8186706097 | ||
| 040 |
_aLK-CoMWRAF _dLK-CoMWRAF _eLK-CoMWRAF |
||
| 041 | _aeng | ||
| 082 |
_a305.4 _bRES |
||
| 245 |
_aResisting the Sacred and the Secular: _bWomen's activism and politicized religion in South Asia |
||
| 260 |
_aNew Delhi: _bKali for Women, _c1999 |
||
| 300 |
_axi, 276 p. _bBibliography and index included |
||
| 650 | _aWOMEN'S ACTIVISM | ||
| 650 | _aPoliticized religion-South Asia | ||
| 700 |
_aJeffery, Patricia _y _eed. |
||
| 700 |
_aBasu, Amrita _eed. |
||
| 942 | _cBK | ||
| 999 |
_c3099 _d3099 |
||